The Rods From Fisch! 1/5 - Statistics

General Stats
  • This quiz has been taken 16 times
  • The average score is 10 of 15
Answer Stats
Picture Answer % Correct
Heaven's Rod
100%
Trident Rod
100%
Brick Rod
91%
Lucky Rod
91%
No Life Rod
91%
Rod Of The Depths
91%
Rod Of The Exalted One
91%
Rod Of The Zenith
82%
Champions Rod
73%
Astralhook Rod
45%
Leviathan's Fang Rod
45%
Long Rod
45%
Rod Of The Eternal King
36%
Firefly Rod
18%
Ice Warpers Rod
9%
No matching quizzes found
Score Distribution
Percent of People with Each Score
Percentile by Number Answered
Your Score History
You have not taken this quiz